书目信息 |
| 题名: |
唐五代词选
|
|
| 作者: | 成肇麟选 辑 | |
| 分册: | ||
| 出版信息: | 上海 上海书店 1987 |
|
| 页数: | 75页 | |
| 开本: | 19cm | |
| 丛书名: | ||
| 单 册: | ||
| 中图分类: | I222.843 | |
| 科图分类: | ||
| 主题词: | 诗歌--中国 , 韵文--中国 | |
| 电子资源: | ||
| ISBN: | ||
| 000 | 00711nam0 2200229 45 | |
| 001 | 0404190812 | |
| 005 | 20040419082034.1 | |
| 010 | @dCNY0.65 | |
| 100 | @a20040419d1987 km y0chiy0120 ea | |
| 101 | 0 | @achi |
| 105 | @a z 000yy | |
| 200 | 1 | @a唐五代词选@ATang Wu Dai Ci Xuan@e国学基本丛书选印@EGuo Xue Ji Ben Cong Shu Xuan Yin@f成肇麟选辑@FCheng Zhao Lin Xuan Ji |
| 210 | @a上海@c上海书店@d1987 | |
| 215 | @a75页@d19cm | |
| 305 | @a本书根据商务印书馆1936年版复印 | |
| 517 | @a国学基本丛书选印@AGuo Xue Ji Ben Cong Shu Xuan Yin | |
| 606 | 0 | @a诗歌@x中国 |
| 606 | 0 | @a韵文@x中国 |
| 690 | @aI222.843@v3 | |
| 701 | 0 | @a成肇麟选@4辑 |
| 801 | @aCN@bTSTCL@c20040419 | |
| 905 | @f4@b259431-434@dI222.843@e395 | |
| 唐五代词选:国学基本丛书选印/成肇麟选辑.-上海:上海书店,1987 |
| 75页;19cm |
| ISBN :CNY0.65 |
| ● |
| 相关链接 |
|
|
|
|
正题名:唐五代词选
索取号:I222.843/395
 
预约/预借
| 序号 | 登录号 | 条形码 | 馆藏地/架位号 | 状态 | 备注 |
| 1 | 0259431 | 000751029 | 第二借阅区/ [索取号:I222.843/395] | 在馆 | |
| 2 | 0259432 | 000751038 | 密集书库/ [索取号:I222.843/395] | 在馆 | |
| 3 | 0259433 | 000751047 | 密集书库/ [索取号:I222.843/395] | 在馆 | |
| 4 | 0259434 | 000751056 | 密集书库/ [索取号:I222.843/395] | 在馆 | |
| 5 | 0259435 | 000751065 | 第一样本阅览室/ [索取号:I222.843/395] | 在馆 |